000 00905cam a2200289 a 4500
001 12624233
003 0
005 20170421120802.0
008 011218s2003 njua b 001 0 eng
010 _a 2001059331
020 _a0130293202
020 _a9780130293206
040 _cSPU
050 0 0 _aHF1017
_b.N48 2003
100 1 _aNewbold, Paul.
245 1 0 _aStatistics for business and economics /
_cPaul Newbold, William L. Carlson, Betty M. Thorne.
250 _a5th ed.
260 _aUpper Saddle River, N.J. :
_bPrentice Hall,
_cc2003.
300 _a1 v. (various pagings) :
_bill. (some col.) ;
_c26 cm. +
504 _aIncludes bibliographical references and index.
650 0 _aCommercial statistics.
650 0 _aEconomics
_xStatistical methods.
650 0 _aStatistics.
700 1 _aCarlson, William L.
_q(William Lee),
_d1938-
700 1 _aThorne, Betty.
942 _2lcc
_cBK
999 _c50086
_d50086